MARC
| LEADER | 00000nam a2200000Ia 4500 | ||
|---|---|---|---|
| 008 | 170316s9999 xx 000 0 und d | ||
| 090 | |a 818 M-34a | ||
| 100 | |a Martin, Paul | ||
| 245 | |a Avery public life | ||
| 260 | |a Ottawa, Canadá | ||
| 260 | |b Deneau | ||
| 260 | |c 1983 | ||
| 300 | |a 482 páginas | ||
| 650 | |a LITERATURA CANADIENSE | ||
| 999 | |c 21949 |d 21949 | ||
| 040 | |a cru BVZT | ||
| 942 | |c 15 D |h 818 M-34a |2 z | ||
